Central Library OPAC University of Rajshahi

Principles of sequence stratigraphy / (Record no. 86176)

MARC details
000 -LEADER
fixed length control field 00875nam a2200289 a 4500
001 - CONTROL NUMBER
control field 86176
003 - CONTROL NUMBER IDENTIFIER
rucl marc code BD-RjUL
005 - DATE AND TIME OF LATEST TRANSACTION
control field 20260216123606.0
008 - FIXED-LENGTH DATA ELEMENTS--GENERAL INFORMATION
fixed length control field 260216s2022 ne a b 001 0 eng
020 ## - INTERNATIONAL STANDARD BOOK NUMBER
International Standard Book Number 9780444533531
035 ## - SYSTEM CONTROL NUMBER
System control number (BD-RjUL)86176
040 ## - CATALOGING SOURCE
Original cataloging agency DLC
Transcribing agency DLC
Modifying agency UKM
-- BAKER
-- DLC
-- BD-RjUL
Language of cataloging eng
041 ## - LANGUAGE CODE
Language code of text/sound track or separate title eng
042 ## - AUTHENTICATION CODE
Authentication code pcc
082 00 - DEWEY DECIMAL CLASSIFICATION NUMBER
Edition number 22
Classification number 551.7
Author mark and year CAP 2022
100 1# - MAIN ENTRY--PERSONAL NAME
Personal name Catuneanu, Octavian
Dates associated with a name 1962-
9 (RLIN) 17720
245 10 - TITLE STATEMENT
Title Principles of sequence stratigraphy /
Statement of responsibility, etc. Octavian Catuneanu.
250 ## - EDITION STATEMENT
Edition statement 2nd ed.
260 ## - PUBLICATION, DISTRIBUTION, ETC. (IMPRINT)
Place of publication, distribution, etc. Amsterdam ;
Name of publisher, distributor, etc. Elsevier,
Date of publication, distribution, etc. c2022.
300 ## - PHYSICAL DESCRIPTION
Pagination viii, 486 p. :
Illustrations ill. (some col.) ;
Size 29 cm.
336 ## - CONTENT TYPE
Content type term text
Content type code txt
Source rdacontent
337 ## - MEDIA TYPE
Media type term unmediated
Media type code n
Source rdamedia
338 ## - CARRIER TYPE
Carrier type term volume
Carrier type code nc
Source rdacarrier
504 ## - BIBLIOGRAPHY, ETC. NOTE
Bibliography, etc Includes bibliographical references and indexes.
650 #0 - SUBJECT ADDED ENTRY--TOPICAL TERM
Topical term or geographic name as entry element Sequence stratigraphy.
9 (RLIN) 17721
942 ## - ADDED ENTRY ELEMENTS (KOHA)
Source of classification or shelving scheme Dewey Decimal Classification
Koha item type Books
Holdings
Lost status Source of classification or shelving scheme Damaged status Not for loan Collection code Permanent Location Current Location Shelving location Date acquired Source of acquisition Cost, normal purchase price Total Checkouts Full call number Date last seen Copy number Koha item type
  Dewey Decimal Classification   Not For Loan Non-fiction Central Library, University of Rajshahi Central Library, University of Rajshahi Reading Room 15/02/2026 Book Finder, Dhaka 8433.00   551.7 CAP 2022 16/02/2026 C-1 Books
  Dewey Decimal Classification     Non-fiction Central Library, University of Rajshahi Central Library, University of Rajshahi General Stacks 15/02/2026 Book Finder, Dhaka 8433.00   551.7 CAP 2022 16/02/2026 C-2 Books